000 00519nam a2200169 i 4500
001 21648
003 ES-MaACL
005 20230906152524.0
007 t|
008 021127s1904 sp ||||1| spa d
100 1 _aAlbi, Barón de.
_919372
245 1 0 _aContra el duelo
_b: artículos publicados en el Correo Catalán /
_cBarón de Albi.
260 _aBarcelona :
_b[s.n.],
_c1904 (
_fTip. de Francisco J. Altés y Alabart)
300 _a32 p. ;
_c22 cm.
650 0 4 _aDuelos.
_911988
852 _aES-MaACL
_jT-1037-F-11
999 _c21648
_d21648